000 00576nam a2200181Ia 4500
003 GCL
008 140319s9999 xx 000 0 ara d
040 _aGCL /
_cGCL
082 0 4 _aق
_b920.72
_bهـ م
245 1 0 _aمذكرات هدى شعراوى - رائد المرأة العربية الحديثة
260 _aالقاهرة :
_bوزارة الثقافة
300 _aمتعدد ؛
_c20 سم
490 _aالكتاب للجميع
_v0
650 0 4 _aالمذكرات
650 0 4 _aالتراجم الذاتية
650 0 4 _aهدى شعراوى
942 _2ddc
_cBK
999 _c33661
_d33661